000 00696nam a22002057a 4500
003 OSt
008 260629b |||||||| |||| 00| 0 eng d
020 _a9788195761821
082 _a677.0068
_bU65T
100 _aUpadhyay, Arvind Kumar
245 _aTextile Management: A Guide for Technicians
_cUpadhyay, Arvind Kumar
260 _aNew Delhi
_bWoodhead Publishing India Pvt Ltd.
_c2023
300 _axiv., 368p.
365 _e4995.00, INR
650 _aTextile industry $x Management.
650 _aTextile factories $x Management.Textile industry $v Handbooks, manuals, etc.
650 _aTextile industry $v Handbooks, manuals, etc.
650 _aTextile technology.
942 _2ddc
_cBK
999 _c52489
_d52489